| 000 | 00533nam a2200181 4500 | ||
|---|---|---|---|
| 001 | 12726 | ||
| 005 | 20230410115852.0 | ||
| 008 | 060907n1999 dr spa | ||
| 020 | _a0847692515 | ||
| 035 | _9funglode12826 | ||
| 041 | _aEN | ||
| 050 | 1 | 4 | _aHN 80 G624t 1999 |
| 100 | _aGoldsmith, Mayor Stephen | ||
| 245 | 1 | 4 |
_aThe twenty first century city : _bresurrecting urban America / _cMayor Stephen Goldsmith |
| 260 |
_aNew York : _bRowman y Littlefield Publishers, _c1999 |
||
| 300 | _axvi, 241 p. | ||
| 942 |
_2lcc _cbk |
||
| 999 |
_c49528 _d49528 |
||